Fundamentals of engineering drawing and graphic technology 4th Ed (Record no. 308241)

000 -LEADER
fixed length control field 00339 a2200133 4500
001 - CONTROL NUMBER
control field 73168
082 ## - DEWEY DECIMAL CLASSIFICATION NUMBER
Classification number 604.24 FRE
090 ## - LOCALLY ASSIGNED LC-TYPE CALL NUMBER (OCLC); LOCAL CALL NUMBER (RLIN)
-- 38865
-- 38865
100 ## - MAIN ENTRY--PERSONAL NAME
Personal name French, T.E
245 ## - TITLE STATEMENT
Title Fundamentals of engineering drawing and graphic technology 4th Ed
Medium English
250 ## - EDITION STATEMENT
Edition statement 4
260 ## - PUBLICATION, DISTRIBUTION, ETC.
Place of publication, distribution, etc. London
Name of publisher, distributor, etc. Mc graw hill
Date of publication, distribution, etc. 1987
300 ## - PHYSICAL DESCRIPTION
Extent 1978p
942 ## - ADDED ENTRY ELEMENTS (KOHA)
Institution code [OBSOLETE] NUST-CAE
Call number prefix 604.24 FRE
Holdings
Withdrawn status Lost status Damaged status Not for loan Collection code Permanent Location Current Location Date acquired Total Checkouts Full call number Barcode Date last seen Price effective from Koha item type
          College of Aeronautical Engineering (CAE) College of Aeronautical Engineering (CAE) 04/03/2017   604.24 FRE CAE73419 04/05/2017 04/05/2017 Book
          College of Aeronautical Engineering (CAE) College of Aeronautical Engineering (CAE) 04/03/2017   604.24 FRE CAE73428 04/05/2017 04/05/2017 Book
          College of Aeronautical Engineering (CAE) College of Aeronautical Engineering (CAE) 04/03/2017   604.24 FRE CAE73427 04/05/2017 04/05/2017 Book
          College of Aeronautical Engineering (CAE) College of Aeronautical Engineering (CAE) 04/03/2017   604.24 FRE CAE73426 04/05/2017 04/05/2017 Book
          College of Aeronautical Engineering (CAE) College of Aeronautical Engineering (CAE) 04/03/2017   604.24 FRE CAE73425 04/05/2017 04/05/2017 Book
          College of Aeronautical Engineering (CAE) College of Aeronautical Engineering (CAE) 04/03/2017   604.24 FRE CAE73424 04/05/2017 04/05/2017 Book
          College of Aeronautical Engineering (CAE) College of Aeronautical Engineering (CAE) 04/03/2017   604.24 FRE CAE73423 04/05/2017 04/05/2017 Book
          College of Aeronautical Engineering (CAE) College of Aeronautical Engineering (CAE) 04/03/2017   604.24 FRE CAE73422 04/05/2017 04/05/2017 Book
          College of Aeronautical Engineering (CAE) College of Aeronautical Engineering (CAE) 04/03/2017   604.24 FRE CAE73421 04/05/2017 04/05/2017 Book
          College of Aeronautical Engineering (CAE) College of Aeronautical Engineering (CAE) 04/03/2017   604.24 FRE CAE73420 04/05/2017 04/05/2017 Book
© 2023 Central Library, National University of Sciences and Technology. All Rights Reserved.